Ideas y recuerdos / (Registro nro. 148442)

Detalles MARC
000 -LEADER
campo de control de longitud fija 00577nam a2200193 4500
001 - NÚMERO DE CONTROL
campo de control 148442
003 - IDENTIFICADOR DE NÚMERO DE CONTROL
campo de control ES-MaACL
005 - FECHA Y HORA DE LA ÚLTIMA TRANSACCIÓN
campo de control 20230906202633.0
007 - CAMPO FIJO DE DESCRIPCIÓN FÍSICA--INFORMACIÓN GENERAL
campo de control de longitud fija t|
008 - DATOS DE LONGITUD FIJA--INFORMACIÓN GENERAL
campo de control de longitud fija 070214s1971 sp r ||||1| spa d
100 1# - ENTRADA PRINCIPAL--NOMBRE DE PERSONA
Nombre de persona Stravinsky, Igor.
9 (RLIN) 139612
245 10 - MENCIÓN DEL TÍTULO
Título Ideas y recuerdos /
Mención de responsabilidad, etc. Igor Stravinsky y Robert Craft ; [traducción de: Juan Godó].
250 ## - MENCION DE EDICION
Mención de edición [1ª ed.].
260 ## - PUBLICACIÓN, DISTRIBUCIÓN, ETC.
Lugar de publicación, distribución, etc. Barcelona :
Nombre del editor, distribuidor, etc. Aymá,
Fecha de publicación, distribución, etc. 1971 (
Fabricante Socitra)
300 ## - DESCRIPCIÓN FÍSICA
Extensión 270 p. ;
Dimensiones 21 cm.
700 1# - ENTRADA AGREGADA--NOMBRE PERSONAL
Nombre de persona Craft, Robert.
9 (RLIN) 41422
700 1# - ENTRADA AGREGADA--NOMBRE PERSONAL
Nombre de persona Godo Costa, Juan.
9 (RLIN) 57532
852 ## - LOCALIZACIÓN
Ubicación ES-MaACL
Número de control de estantería C-39136
Sublocalización o colección R.79542
Existencias
Estatus retirado Estado de pérdida Estado de daño No para préstamo Biblioteca de origen Biblioteca actual Ubicación en estantería Fecha de adquisición Fuente de adquisición Total de préstamos Signatura topográfica completa Código de barras Visto por última vez Precio de reemplazo Tipo de ítem Koha
        Biblioteca del Ateneo de Madrid Biblioteca del Ateneo de Madrid Depósito 2 17/01/2008     C-39136 1154914 23/02/2023 23/02/2023 Libro impreso